Piłkarska kariera Juana Sebastiana Verona. - Statystyki

Ogólne statystyki
  • Ten quiz został rozwiązany 23 razy
  • Średni wynik to 5 z 10
Statystyki odpowiedzi
Lata Drużyna % Poprawnych
2004-2006 Inter
86%
1996-1996 Boca Juniors
67%
2001-2003 Manchester United
67%
1999-2001 Lazio
57%
1998-1999 Parma
57%
2003-2004 Chelsea
48%
2006-2006 Chelsea
48%
1994-1996 Estudiantes
29%
2006-2017 Estudiantes
29%
1996-1998 Sampdoria
19%
Nie znaleziono quizów pasujących do podanych kryteriów
Rozkład punktacji
Procent ludzi z każdym wynikiem
Percentyl według liczby udzielonych odpowiedzi
Twoja historia wyników
Nie rozwiązałeś tego quizu